| 000 | 00429nam a22001577a 4500 | ||
|---|---|---|---|
| 005 | 20240116114035.0 | ||
| 008 | 200314b xxu||||| |||| 00| 0 eng d | ||
| 020 | _a978-93-7473-661-8 | ||
| 041 | _aeng | ||
| 100 |
_aDEVALIYA, DR.ROOPAM AND BIRADAR, MAHESH MANOHAR _95157 |
||
| 245 | _aPHARMACEUTICAL CHEMISTRY - II | ||
| 260 |
_aDELHI _bAITBS PUBLISHERS INDIA |
||
| 300 | _a258p, | ||
| 650 |
_aPHARMACY _xB.PHARMA |
||
| 942 | _cBK | ||
| 999 |
_c6085 _d6083 |
||